Spring into technical writing for engineers and scientists / (Record no. 1834)

000 -LEADER
fixed length control field 00361 a2200109 4500
020 ## - INTERNATIONAL STANDARD BOOK NUMBER
International Standard Book Number 0131498630 (alk. paper)
082 ## - DEWEY DECIMAL CLASSIFICATION NUMBER
Classification number 808.0666 ROS
100 ## - MAIN ENTRY--PERSONAL NAME
Personal name Rosenberg, Barry J.
245 ## - TITLE STATEMENT
Title Spring into technical writing for engineers and scientists /
Statement of responsibility, etc. Barry J. Rosenberg.
260 ## - PUBLICATION, DISTRIBUTION, ETC.
Place of publication, distribution, etc. India :
Name of publisher, distributor, etc. Pearson education,
Date of publication, distribution, etc. 2005.
300 ## - PHYSICAL DESCRIPTION
Extent xxi, 318 p. :
Other physical details ill. ;
Dimensions 23 cm.
650 ## - SUBJECT ADDED ENTRY--TOPICAL TERM
Topical term or geographic name entry element Technical writing.
Holdings
Withdrawn status Lost status Damaged status Not for loan Permanent Location Current Location Shelving location Date acquired Total Checkouts Full call number Barcode Checked out Date last seen Date last checked out Price effective from Koha item type
        School of Civil and Environmental Engineering (SCEE) School of Civil and Environmental Engineering (SCEE)     1 808.0666 ROS NIT-6235 12/04/2019 10/23/2019 10/23/2019 01/05/2017 Book
© 2023 Central Library, National University of Sciences and Technology. All Rights Reserved.